| 000 | 01229nam a22003137a 4500 | ||
|---|---|---|---|
| 003 | EG-GICUC | ||
| 005 | 20260314101808.0 | ||
| 008 | 251124s1974 ua a|||fr|||| 000 0 ara d | ||
| 040 |
_a EG-GICUC _bara _c EG-GICUC _d EG-GICUC _erda |
||
| 041 | 0 | _aara | |
| 082 | 0 | 4 |
_221 _a345.2 _bع ل . ت |
| 092 | 0 | 4 | _221 |
| 099 | _aLaw1 07 345.2 ع ل . ت 1974 | ||
| 100 | 0 |
_aعلي محمد عبد الوهاب _eمؤلف. |
|
| 245 | 1 | 0 |
_aتقييم الأداء : _bدراسة تحليلية / _cإعداد د. علي محمد عبد الوهاب. |
| 264 | 1 |
_aالقاهرة : _b جامعة الدول العربية-المنظمة العربية للعلوم الإدارية، مركز البحوث الإدارية _c1974. |
|
| 300 |
_a54 : صفحة _bجداول ؛ _c24 سم. |
||
| 336 |
_2rda content _atext |
||
| 337 |
_2rda media _aComputer |
||
| 338 |
_2rda carrier _aOnline Resource |
||
| 490 | _3164 | ||
| 504 | _aببليوجرافيا : صفحة 54. | ||
| 546 | _aالنص باللغة العربية | ||
| 650 | 1 | 7 |
_aتقييم الأداء _2qrmak |
| 650 | 1 | 7 |
_aالقانون الإداري _2qrmak |
| 856 | 4 | 0 | _uhttps://fll.law.cu.edu.eg/fulltext/bks/B07-00149.pdf |
| 905 |
_a73 _eYara |
||
| 942 |
_2ddc _cBK _e21 _n0 |
||
| 999 |
_c45774 _d45774 |
||